[Event "Olympiad-41"]
[Site "Tromsoe"]
[Date "2014.08.08"]
[Round "6.1"]
[White "Negi, Parimarjan"]
[Black "Bologan, Viktor"]
[Result "1-0"]
[WhiteElo "2645"]
[BlackElo "2654"]
[Annotator "Negi,P"]
[PlyCount "57"]
[EventDate "2014.08.02"]
[EventType "team-swiss"]
[EventRounds "11"]
[EventCountry "NOR"]
[SourceTitle "CBM 162"]
[Source "ChessBase"]
[SourceDate "2014.09.17"]
[SourceVersion "1"]
[SourceVersionDate "2014.09.17"]
[SourceQuality "1"]
[WhiteTeam "India"]
[BlackTeam "Moldova"]
[WhiteTeamCountry "IND"]
[BlackTeamCountry "MDA"]

1. e4 e5 2. Nf3 Nc6 3. Bb5 Nf6 4. d3 Bc5 5. Bxc6 {It's always hard to decide
how to respond to a Berlin, especially when it's a surprise. Finally, I
decided to go for a fighting middlegame position... also the fact that Bologan
hasn't played this line for a while made me feel that he might not be as aware
of the various subtleties here.} dxc6 6. Nbd2 O-O ({Recently, one of the
annoying lines has come up here:} 6... Bg4 $5 {although surprisingly it hasn't
picked up much popularity.} 7. h3 Bh5 {The idea is to wait for Nf1 - Ng3, and
then capture Bxf3.} 8. Nf1 ({An interesting way to get rid of the pin was} 8.
Nc4 Nd7 9. Be3 f6 10. Qd2 Qe7 (10... Bxf3 11. gxf3 {and eventually White might
get the very useful f4-break.}) 11. Nh4 O-O-O 12. Nf5 Qf8 13. O-O Bf7 14. b3 {
but White's play was somewhat slow in the last moves. There's a lot of scope
for improvement though.} g6 15. Ng3 h5 16. Bxc5 Nxc5 17. Qe3 Kb8 $11 {1/2-1/2 
(21) Sjugirov,S (2641)-Maletin,P (2598) Khanty-Mansiysk 2013}) 8... Nd7 9. Ng3
Bxf3 $1 10. Qxf3 g6 $1 {and now the knight on g3 is somewhat pointless. Also
Black waits to see where White's king would castle, and follow suit, so it's
really hard for White to create much play here:} 11. Be3 Qe7 12. O-O-O O-O-O
13. Ne2 Rhe8 14. Kb1 b6 15. h4 Kb7 16. h5 Bxe3 17. Qxe3 Nc5 $11 {1/2-1/2 (32)
Anand,V (2775)-Carlsen,M (2870) Chennai 2013}) 7. O-O (7. Nc4 {could be a more
flexible way to delay 0-0, as played in the Anand - Karjakin game after ...Nd7.
.. but this allows the additional option of} Ng4 $5 (7... Nd7 8. Bd2 Re8 9. a4
f6 10. O-O Nf8 11. Be3 Ne6 12. Bxc5 Nxc5 13. Ne3 Ne6 14. Nh4 a5 15. b3 Qd4 16.
Nhf5 Qc5 17. Qd2 Nd4 18. Nxd4 Qxd4 19. Qe2 Be6 20. Kh1 Rad8 21. Qe1 b6 22. g4
Kf7 23. Rg1 g5 24. h4 $14 {1/2-1/2 (57) Anand,V (2783)-Karjakin,S (2767)
Stavanger 2013}) 8. O-O f5 {which leads to a lot of unwanted complications. I
used it for Black in the following game:} 9. Bg5 Qe8 10. exf5 e4 11. dxe4 Qxe4
12. Qd3 Qxd3 13. cxd3 Bxf5 14. d4 Bb6 $11 {1/2-1/2 (24) Erenburg,S (2615)-Negi,
P (2634) Arlington 2013}) 7... Re8 8. Nc4 Nd7 9. Kh1 $5 {Another plan sees
White try to get a quick d4, or play on the queenside... but in most cases
that doesn't really seem to annoy the Berlin player. Here I'm obviously
clearly stating my intentions of continuing to play on the kingside... It's
also possible to do something similar after including a4...a5 (so it's useful
to note that a few games in this plan were played with slightly different move
orders). The type of position remains the same, and I didn't see any reason to
make any changes on the queenside. Kh1 doesn't seem to be immediately useful -
White doesn't usually continue with the primitive Ng1 - Ne2 - f4. Instead, as
you will notice in this game, it has many long term benefits... particularly
playing on the kingside with Nh4 etc. You can see a typical plan on the
kingside being followed in the Anand - Karjakin game above (7.Nc4) as well.}
Bd6 {Black doesn't try to bother about the subtleties, and simply wants to
continue with the typical Nf8...Ng6 plan.} (9... a5 10. a4 b6 $5 {without
commiting ...Bd6 might actually make more sense.} {The idea can be seen after}
11. Bg5 (11. g3 {/\ Nh4...but this isn't an ideal way to play Nh4 because of
the weakened kingside. Now, Black managed to exploit it excellently with} Nf8
$1 12. Ncxe5 f6 13. d4 Bd6 14. Nxc6 Qd7 15. d5 Rxe4 16. Nd2 Re8 $15 {1/2-1/2 
(60) Caruana,F (2772)-Karjakin,S (2786) Zug 2013}) (11. Be3 Bb4 {I'm not
really sure if this was required.} 12. Nfd2 (12. g3 $5) 12... b5 13. axb5 cxb5
14. c3 bxc4 15. cxb4 cxd3 16. bxa5 Ba6 {with an unclear position, Anand,V 
(2780)-Kramnik,V (2810) Zuerich 2013 CBM 153.}) 11... Be7 $5 12. Be3 Bd6 {
Not allowing Nh4 yet.}) 10. Bg5 $5 {Provoking the f6 weakness... or rather
it's not really a weakness, but until Black plays ...f6, White isn't able to
go Nh4...Nf5.} f6 (10... Be7 {makes less sense here since the bishop is
wasting too many moves.}) 11. Be3 Nf8 12. Nh4 Be6 13. Nf5 {It was also
possible to delay it - for instance, first Nd2 or Qf3 etc...but essentially
the position remains similar.} (13. Nd2 g6) 13... Qd7 (13... g6 14. Ncxd6 cxd6
15. Nh6+ {/\ f4, and Black's dark squares look very vulnerable.}) 14. Qf3 Ng6 {
An important moment:} 15. g3 $1 (15. g4 {looked more tempting, but now after}
Bxc4 $1 16. dxc4 Nf4 $1 17. Rad1 Qe6 $11 {Black's knight on f4 seems very
annoying.}) 15... Bf8 (15... Bxc4 16. dxc4 {doesn't quite equalise for Black.
Now even the h4...h5 ideas might be very annoying for Black sometime.} Ne7 17.
g4 $14) (15... Bxf5 16. exf5 Ne7 17. g4 Nd5 18. Nd2 $14 {is a dream structure
for White.}) 16. Nd2 $1 {Dealing with the threat of ...Bxf5 and later ...Qd5
exchange. Now White is ready to shift his focus to the kingside. The computer
constantly thinks Black's position is very comfortable... but practically that
seems to be far from true. It's simply difficult to find a clear plan for him,
while White is very obviously ready to start his kingside avalanche.} c5 17.
Rg1 $5 {No need to hurry with g4, although I don't think it would make any
difference as such.} Nh8 $6 {It feels like a pretty manoevre, and while the
knight seems nice on f7 - but it's only going to be awkward, and it puts no
pressure on the f5-knight.} (17... Ne7 {could be a better square for the
knight, but after} 18. g4 {it's still tough to suggest a good continuation.})
18. g4 g6 (18... Nf7 {allows the additional idea of} 19. g5 $5 ({I might have
actually preferred the simpler} 19. Rg3 {to bring all the pieces into the
attack as in the game.}) 19... fxg5 20. Bxg5 Nxg5 21. Rxg5 g6 22. Rag1 Kh8 23.
Nh4 $14) 19. Rg3 $1 {Bringing in each piece. The knight on f5 is of course
untouchable, while it's really hard to find good moves for Black.} Nf7 20. Rag1
Kh8 21. Qg2 $1 {There were other plans, but I feel quite proud of the idea to
bring in the f3-knight as well. After that g5 will be particularly strong.} Bd6
{Probably not the best defence... but it's hard to recommend good defensive
moves for Black despite the computer's enthusiasm.} 22. Nf3 {The final piece
comes in.} Rg8 (22... c4 23. g5 $1 {and Black's position is collapsing.}) 23.
Qh3 $1 {The threat of Qxh7 forces Black to make a commitment.} g5 (23... gxf5
24. gxf5 Rxg3 25. Qxg3 $18) 24. Qg2 $5 {I think the simplest option.} (24. Qh5
{is probably strong as well... but after} Nd8 {White has to deal with Black's
ideas to go after the h5-queen.}) 24... Qa4 {Already a desperate attempt.} (
24... Rg6 25. h4 h6 {seemed the best defensive way to me, but now I just
transfer my pieces to the h-file and Black's position looks very sad.}) 25. h4
gxh4 26. N5xh4 {Keeping the threat of g5 strong.} Be7 (26... Ng5 27. Bxg5 fxg5
28. Nf5 {/\ Qh2...Rh3 etc.} Qxc2 29. Qh2 $18) 27. Nf5 Qd7 28. Qh2 {...and Rh3
is too strong a threat.} Bxf5 29. gxf5 1-0

[Event "Gashimov Memorial 6th"]
[Site "Shamkir"]
[Date "2019.04.09"]
[Round "9"]
[White "Carlsen, Magnus"]
[Black "Grischuk, Alexander"]
[Result "1-0"]
[WhiteElo "2845"]
[BlackElo "2771"]
[Annotator "Nielsen,Peter Heine"]
[PlyCount "77"]
[EventDate "2019.03.31"]
[EventType "tourn"]
[EventRounds "9"]
[EventCountry "AZE"]
[EventCategory "22"]
[SourceTitle "CBM 190"]
[Source "ChessBase"]
[SourceDate "2019.06.30"]
[SourceVersion "1"]
[SourceVersionDate "2019.06.30"]
[SourceQuality "1"]

1. e4 e5 2. Nf3 Nc6 3. Bb5 Nf6 {Trailing Magnus by 1½ point meant Grischuk
had instead to care about the fight for 2nd place which he before the round
was sharing with Ding and Karjakin. And thus he chooses the Berlin's solidity
over the Najdorf's aggressiveness.} 4. d3 Bc5 5. c3 O-O {Earlier in the
tournament Grischuk had played the popular 5...d5 vs. Vishy, but now reverts
to the main line.} 6. O-O d6 7. Ba4 $5 {A move that by itself should explain
the popularity of the Berlin. If White anyway voluntarily will play Ba4, then
3...a6 must be really a bad move! More seriously this is the kind of position
where White anyway would make "half-moves" like 7.h3 or 7.Re1 meaning Ba4
can't be that much more worse as a waiting move. Still, it does look odd
indeed!} Ne7 8. Bc2 Ng6 9. d4 Bb6 10. a4 $5 {Apart from the obvous threat of
11.a5 winning a piece, White's general concept is that he will push his pawn
as forward as possible, then create confusion on the other side of the board,
and use that to then queen his a-pawn. If that sounds like a fairytale, have a
look at the remainder of the game!} c6 11. dxe5 $5 {Very simplistic. White has
just gotten the advantage in the centre, but now immediately creates a
symmetrical structure only for the sake of being able to push the a-pawn.} Nxe5
{Going by logic, Black does very little wrong in this game, but should
something be mentioned, it's this. Black now exchanges a knight he has spent
several tempi relocating to g6, against its white counterpart that only had
moved once so far.} 12. Nxe5 dxe5 13. Qxd8 Rxd8 14. a5 {For what it's worth,
Magnus achieved his aim.} Bc5 {The active choice. 14...Bc7 is obviously more
passive, but does have an important idea in mind: After 15 Be3 Be6 16 f3 b6!?
Black forces White into a decision on the queenside. 17 a6!? obviously being
the critical move, but as Black has not played ...b5 it means that a7 is now
not a target and that its very unclear if White's pawn on a6 is a weakness or
an asset. Of course 17 axb6 is possible, but then Black's operation has been a
sucess in the sense that White's queenside pressure has evaporised.} (14... Bc7
15. Be3 Be6 16. f3 b6 $5 17. a6 $5) 15. Nd2 Be6 16. Re1 {As 16.Nb3 Nxe4! is
possible, White first has to consolidate before continuing with his plan. Now
16...Nd7 17.Nb3 Be7 is possible, but after 18.Be3, at least by sight, White
does have a small edge due to the vulnerability of Black's queenside structure.
And with Black obviously having playing solidly and logically till now, why
should Grischuk start making concession?} b5 $5 {Grabbing space and
potentially threatening ...a6, when Black might even start claiming that
White's pawn is a weakness. White on the other hand is not that thrilled about
pushing a6 himself too early, as it would give Black access to the b6 square
for his bishop.} 17. Nb3 Bxb3 {Obviously a debatable move, but also typical of
Grischuks "high-level" style. Not limiting himself to just general
considerations like " White now has the pair of bishops", Grischuk goes beyond
that and claims that yes, White of course gets the pair of bishops, but in
return I get control of the d-line and avoid the else moderately akward
pressure against my queenside. As well my minor piece are immediately active,
while White's pair of bishops indeed struggle to find squares to develop to
naturally. 17...Nd7!? however might have been the better way. 18.Nxc5 Nxc5 19.
Be3 Bb3! forces an interesting opposite colored bishop postion after 20.Bxc5
Bxc2 21.a6. The human perspective is that Black's pawn on a7 will be an
eternal weakness, and rook exchanges will not magnify that problematic.
However, Black can argue that as he controls the d-file White has no way to
make progress, while Black will just double his rooks on d7 and d8, solidly
covering the a7-pawn, basically with an impregnable fortress, at least if the
engines are to be believed.} (17... Nd7 $5 18. Nxc5 Nxc5 19. Be3 Bb3 $1 20.
Bxc5 Bxc2 21. a6) 18. Bxb3 Ng4 {Active, but not really creating more than an
easily parried threat. 18...Rab8!? 19..Kf1 b4 means both black rooks will be
in control of the open files, but after 20.Ba4!? White does limit Black's
immediate actitivy and at the same time starts attacking Black's weaknesses.} (
18... Rab8 $5 19. Kf1 b4 20. Ba4 $5) 19. Re2 Rd6 {Creating the threat of 20...
Nxf2 21.Rxf2 Rf6!} 20. Bg5 Kf8 21. Rf1 $1 {Putting pressure on f2, Grischuk
might have forced this "passive" move, but actually only the first part of the
sentence is true. White indeed had no choice, but to put his rook on f1, but
happily does so, as it fits very well with the next part of his expansion
plans:} Nf6 22. g3 $1 {Another beautiful move combining the neccesary with the
useful. With f4 potentially being White's way to progress, removing his king
from the pin in the g1-a7 diagonal is mandatory and this also adds the option
of recapturing with the g-pawn on f4, as well as opening a route towards the
centre for White's king via g2 and later f3.} a6 23. Kg2 Nd7 24. Bc1 $1 {
Answering the question to which square White should develop his bishop. The
key part was getting his a1 rook into play, and with that accomplished White's
dark-squared bishop happily returns to its original square where its safely
"out of the way", while still being ready to join the battle immediately at
any given opportunity.} Ba7 25. f4 f6 26. h4 $1 {My first acquaintance with
Magnus was a guest lecture at a youth camp for the youngest group of Norwegian
talents. I spoke of Larsen, and obviously had a set of exercices where the
correct answer always was to push the h-pawn! Natasha Regan and Matthew
Sadler's fascinating "Gamechanger" devotes a full chapter to Alphazero's
preference compared to normal engines in pushing its flank pawns much more
agressively. It would have warmed the Danish giant's heart to know that a
theme he consistently wrote of being underestimated in chess, now is being
uphold and refined by the cutting-edge technology. If a5 and h5 looks odd to
you in this game, just think of the importance of having the black weak pawn
at a6, and the access to g6 for White's bishop. It's those details that make
Black's position collapse, and they are created exactly by advancing White's
flank pawns.} Re8 27. h5 h6 28. Ba2 c5 {With hindsight a very easy move to
criticise, but as Grischuk pointed out at the press conference, this exactly
should be the one. To him it looked like now was the perfect timing, as White
due to the weakness of the e4-pawn still seemingly needs a move to consolidate
before taking agressive measures. That premise being wrong, Black's best would
have been to seek counterplay with 28...exf4 29.gxf4 Nc5, the idea being 30.e5
Nd3! with Black still being in the game.} (28... exf4 29. gxf4 Nc5 30. e5 Nd3
$1) 29. Be3 $1 {An easy move to miss, as it indeed sacrifices a full central
pawn. 29.c4 is the alternative given by the computers which funnily at the
same time blocks both Black's bishop on a7, but also White's at a2! White is
better, but in a much less spectacular way than in the game.} exf4 30. gxf4
Rxe4 31. Bb1 Re7 32. Rfe1 {White has given away a full pawn, but has the
killing threat of 33.Bg6 when 34.Bxc5 becomes deadly due to mating motifs on
the e8 square.} f5 $2 {The surprising 32...Nb8! was the way to fight on, with
the hope of ...Nc6, Rdd7 and c4. Obviously white will prevent this liberation
attempt, most forcefully with 33 Kf3 Nc6 34 Bf5!? stopping the rook entering
d7, and replying to 34...c4? with 35.Bxa7 Rxe2 36.Rxe2 Nxa7 37.Bg6! Rd8 38.
Re6! picking up the pawn on a6 and winning easily.} (32... Nb8 $5 33. Kf3 Nc6
34. Bf5 $5 c4 $2 35. Bxa7 Rxe2 36. Rxe2 Nxa7 37. Bg6 Rd8 38. Re6 $1 $18 {
[%cal Ge6a6]}) 33. Bxf5 Nf6 34. Kf3 Nd5 {Grischuk said that at sight this move
looked like counterplay to him, but Magnus' next move was a cold shower:} 35.
Rd2 $1 {White was better anyway, but as often in favourable positions the
tactics also works in your favour. 35...Nxe3 36 Rxd6 Nxf5 37.Rxe7 is just
winning for White, as the rook and passed pawn easily outmanoeuvre Black's 2
minor pieces, 37...Nxe7 38 Rxa6 Bb8 39 Ra8! Nc6 40.a6 followed by 41.Rxb8 Nxb8
42.a7 being a sample line. 35...Bb8 was a line the players both looked at, but
discareded due to 36.Bxc5! Rxe1 37.Rxd5 when 37...Ke7 is met with the pretty
38.Re5+! as after 38...Rxe5 39.fxe5 White ends up with an extra piece.} Rd8 (
35... Nxe3 36. Rxd6 Nxf5 37. Rxe7 Nxe7 38. Rxa6 Bb8 39. Ra8 $1 Nc6 40. a6 Z0
41. Rxb8+ Nxb8 42. a7) (35... Bb8 36. Bxc5 $1 Rxe1 37. Rxd5 Ke7 38. Re5+ $1
Rxe5 39. fxe5 $18) 36. Be4 Red7 37. Red1 {No tactical magic is needed anymore.
Despite being nominally a pawn down, White aims for general exchanges!} Nf6 38.
Rxd7 Nxd7 {38...Rxd7 maybe was more illustrative as after 39.Rxd7 Nxd7 40.Bb7
Nb8 41.Ke4 black is completely tied up with the bishop unable as the knight
needs to block its only aviable square in order to defend the pawn at a6.} (
38... Rxd7 39. Rxd7 Nxd7 40. Bb7 Nb8 41. Ke4) 39. Rd6 $1 {[%cal Gd6a6] And
here Grischuk resigned. White will win the a-pawn and then basically
mechanically queen it after Rxa6 Bb8 Ra8 followed by a6+a7.  In many ways an
amazing game. White got nothing out of the opening, and Black's moves from
there all looked healthy and with logic. To use the words of Grischuk himself:
"Magnus played incredibly well."} (39. Rd6 $1 {[%cal Gd6a6]} Z0 40. Rxa6 Bb8
41. Ra8 {[%cal Ga5a8]}) 1-0